000
00316nam a2200133Ia 4500
005
20251222144827.0
008
251222s9999||||xx |||||||||||||| ||spa||
020
_a
9972-42-424-3
082
_a
370.196/M12
100
_a
Mac Gregor, Felipe E.
245
0
_a
Reflexión sobre El Perú
264
_b
PUCP
942
_c
LIB
999
_c
20693
_d
20693